<?xml version="1.0" encoding="UTF-8"?>
<record
    xmlns:xsi="http://www.w3.org/2001/XMLSchema-instance"
    xsi:schemaLocation="http://www.loc.gov/MARC21/slim http://www.loc.gov/standards/marcxml/schema/MARC21slim.xsd"
    xmlns="http://www.loc.gov/MARC21/slim">

  <leader>01317naa a22003377a 4500</leader>
  <controlfield tag="003">OSt</controlfield>
  <controlfield tag="005">20250513060245.0</controlfield>
  <controlfield tag="008">250505t2023   |||o||||o| || 00| ||eng dd</controlfield>
  <datafield tag="020" ind1=" " ind2=" ">
    <subfield code="a">978-1-003-24467-7</subfield>
  </datafield>
  <datafield tag="040" ind1=" " ind2=" ">
    <subfield code="c">JMCFI - Learning Resource Center</subfield>
  </datafield>
  <datafield tag="082" ind1=" " ind2=" ">
    <subfield code="a">eBook/G.Ed. 001.4 B846 2023</subfield>
  </datafield>
  <datafield tag="100" ind1=" " ind2=" ">
    <subfield code="a">Breuer, Johannes</subfield>
    <subfield code="9">32684</subfield>
  </datafield>
  <datafield tag="245" ind1=" " ind2=" ">
    <subfield code="a">Chapter 30 the role of participants in online privacy research</subfield>
    <subfield code="h">[electronic resource] /</subfield>
    <subfield code="c">Johannes Breuer, Katrin Weller and Katharina Kinder-Kurlanda.</subfield>
  </datafield>
  <datafield tag="260" ind1=" " ind2=" ">
    <subfield code="a">New York :</subfield>
    <subfield code="b">Taylor &amp; Francis,</subfield>
    <subfield code="c">2023.</subfield>
  </datafield>
  <datafield tag="300" ind1=" " ind2=" ">
    <subfield code="a">1 online resource (11 pages).</subfield>
  </datafield>
  <datafield tag="650" ind1=" " ind2=" ">
    <subfield code="a">Artificial Intelligence (AI).</subfield>
    <subfield code="9">12066</subfield>
  </datafield>
  <datafield tag="650" ind1=" " ind2=" ">
    <subfield code="a">Information Communication Technology (ICT).</subfield>
    <subfield code="9">13268</subfield>
  </datafield>
  <datafield tag="650" ind1=" " ind2=" ">
    <subfield code="a">Algorithm.</subfield>
    <subfield code="9">32685</subfield>
  </datafield>
  <datafield tag="650" ind1=" " ind2=" ">
    <subfield code="a">Digital communication.</subfield>
    <subfield code="9">23728</subfield>
  </datafield>
  <datafield tag="650" ind1=" " ind2=" ">
    <subfield code="a">Digital media.</subfield>
    <subfield code="9">32686</subfield>
  </datafield>
  <datafield tag="650" ind1=" " ind2=" ">
    <subfield code="a">Information law.</subfield>
    <subfield code="9">32687</subfield>
  </datafield>
  <datafield tag="650" ind1=" " ind2=" ">
    <subfield code="a">Media and society.</subfield>
    <subfield code="9">32688</subfield>
  </datafield>
  <datafield tag="650" ind1=" " ind2=" ">
    <subfield code="a">Online network.</subfield>
    <subfield code="9">32689</subfield>
  </datafield>
  <datafield tag="650" ind1=" " ind2=" ">
    <subfield code="a">Open Access Publishing in European Networks (OAPEN). </subfield>
    <subfield code="9">30999</subfield>
  </datafield>
  <datafield tag="650" ind1=" " ind2=" ">
    <subfield code="a">eBook (Open access).</subfield>
    <subfield code="9">30865</subfield>
  </datafield>
  <datafield tag="700" ind1=" " ind2=" ">
    <subfield code="a">Weller, Katrin</subfield>
    <subfield code="9">32690</subfield>
  </datafield>
  <datafield tag="700" ind1=" " ind2=" ">
    <subfield code="a">Kinder-Kurlanda, Katharina</subfield>
    <subfield code="9">32691</subfield>
  </datafield>
  <datafield tag="773" ind1=" " ind2=" ">
    <subfield code="t">The Routledge Handbook of Privacy and Social Media</subfield>
  </datafield>
  <datafield tag="856" ind1=" " ind2=" ">
    <subfield code="u">https://library.oapen.org/handle/20.500.12657/77194</subfield>
  </datafield>
  <datafield tag="942" ind1=" " ind2=" ">
    <subfield code="2">ddc</subfield>
    <subfield code="c">EBK</subfield>
    <subfield code="n">0</subfield>
  </datafield>
  <datafield tag="999" ind1=" " ind2=" ">
    <subfield code="c">10259</subfield>
    <subfield code="d">10259</subfield>
  </datafield>
  <datafield tag="952" ind1=" " ind2=" ">
    <subfield code="0">0</subfield>
    <subfield code="1">0</subfield>
    <subfield code="2">ddc</subfield>
    <subfield code="4">0</subfield>
    <subfield code="7">0</subfield>
    <subfield code="a">DL</subfield>
    <subfield code="b">DL</subfield>
    <subfield code="d">2025-05-13</subfield>
    <subfield code="l">0</subfield>
    <subfield code="o">eBook/G.Ed. 001.4 B846 2023</subfield>
    <subfield code="r">2025-05-13</subfield>
    <subfield code="u">https://library.oapen.org/handle/20.500.12657/77194</subfield>
    <subfield code="w">2025-05-13</subfield>
    <subfield code="y">EBK</subfield>
  </datafield>
</record>
